Statistiques concernant Grandes villes de la péninsule ibérique (Espagne-Portugal)

Cliquez ici pour prendre le quiz!

Statistiques générales

  • Ce quiz a été pris 81 fois
  • Le résultat moyen est 8 sur 9

Statistiques - réponses

HintRéponse% Correct
PortugalLisbonne
100%
PortugalPorto
100%
EspagneMadrid
99%
EspagneBarcelone
97%
EspagneSéville
93%
EspagneValence
90%
EspagneBilbao
77%
EspagneMálaga
63%
EspagneSaragosse
51%

Distribution des résultats

Percentile par nombre de réponses

% des personnes avec chaque résultat

Votre développement - résultats

Vous n’avez pas pris ce quiz